Окисление глюкопиранозидов до альдегидов и карбоновых кислот; СХС-2025

Библиографические подробности
Источник:СХС-2025.— 2025.— С. 286
Главный автор: Фефелова А. Г. Анастасия Григорьевна
Другие авторы: Дородных К. А., Степанова Е. В. Елена Владимировна
Примечания:Текстовый файл
Язык:русский
Опубликовано: 2025
Предметы:
Online-ссылка:http://earchive.tpu.ru/handle/11683/133667
Формат: MixedMaterials Электронный ресурс Статья
Запись в KOHA:https://koha.lib.tpu.ru/cgi-bin/koha/opac-detail.pl?biblionumber=683789

MARC

LEADER 00000naa2a2200000 4500
001 683789
005 20260311164435.0
090 |a 683789 
100 |a 20251218d2025 k||y0rusy50 ca 
101 0 |a rus 
102 |a RU 
135 |a drcn ---uucaa 
200 1 |a Окисление глюкопиранозидов до альдегидов и карбоновых кислот  |f А. Г. Фефелова, К. А. Дородных, Е. В. Степанова 
336 |a Текстовый файл 
463 1 |0 683521  |9 683521  |t СХС-2025  |o материалы II Международного Сибирского химического симпозиума, г. Томск, 20−24 октября 2025 г.  |c Томск  |d 2025  |n Изд-во ТПУ  |u conference_tpu-2025-C138.pdf  |v С. 286 
545 1 |a Постерные доклады 
610 1 |a труды учёных ТПУ 
610 1 |a электронный ресурс 
700 1 |a Фефелова  |b А. Г.  |c химик-органик  |c младший научный сотрудник Томского политехнического университета  |f 1988-  |g Анастасия Григорьевна  |y Томск  |9 14953 
701 1 |a Дородных  |b К. А. 
701 1 |a Степанова  |b Е. В.  |c химик  |c доцент Томского политехнического университета, кандидат химических наук  |f 1988-  |g Елена Владимировна  |9 14123 
801 0 |a RU  |b 63413507  |c 20251218 
850 |a 63413507 
856 4 |u http://earchive.tpu.ru/handle/11683/133667  |z http://earchive.tpu.ru/handle/11683/133667 
942 |c CF